Normal view
MARC view
- González Olivares, Martha
Entry Nombre Personal
001 - NUMERO DE CONTROL
- campo de control: 50168
003 - IDENTIFICADOR DE NUMERO DE CONTROL
- campo de control: MX-MxUPN
005 - FECHA Y HORA DE LA ÜLTIMA TRANSACCIÓN
- campo de control: 20231006115143.0
008 - DATOS DE LONGITUD FIJA
- campo de control de longitud fija: 231006nn acnnnaabn n aaa d
040 ## - FUENTE DE CATALOGACIÓN
- Agencia original de catalogación: MX-MxUPN
- Lenguaje de catalogación: spa
100 1# - ENCABEZAMIENTO - NOMBRE PERSONAL
- Nombre personal: González Olivares, Martha
400 1# - VEÁSE - NOMBRE DE PERSONA
- Personal name: Olivares, Martha González
670 ## - FUENTE EN LA QUE SE LOCALIZARON DATOS
- Cita de la fuente: Kaxtitlatolkuepalistli tlen ne tlanauatilij tlen ixpolitokej uan kintlaiyouiltitokej, 2022 :
- Información localizada: reverso de la portada (Martha González Olivares)
902 ## - CATALOGADOR
- Catalogador: VíctorGodínez/061023
